| 000 | 00473nam a22001817a 4500 | ||
|---|---|---|---|
| 005 | 20260323123354.0 | ||
| 008 | 260323b |||||||| |||| 00| 0 eng d | ||
| 037 | _cDSWL | ||
| 040 |
_aDSWL _cDSWL |
||
| 041 | _heng | ||
| 100 |
_aAggarwal, Sanjeev _91137595 |
||
| 245 | _aCaptainship | ||
| 260 |
_aNew Delhi, _bBloomsbury Publishing, |
||
| 300 | _a163p | ||
| 365 |
_aINR _b299 |
||
| 942 |
_2CC _cTEXL _n0 |
||
| 999 |
_c1726390 _d1726390 |
||